| 000 | 00846nam a2200253Ia 4500 | ||
|---|---|---|---|
| 003 | OSt | ||
| 005 | 20220926005155.0 | ||
| 006 | a|||||r|||| 00| 0 | ||
| 007 | ta | ||
| 008 | 220923b |||||||| |||| 00| 0 eng d | ||
| 020 |
_a9789386446312 _c1095.00 |
||
| 037 |
_bRKBA/09-10/5822, 01/02/2018, RAJKIRAN BOOK AGENCY _cGeneral Book |
||
| 040 |
_aRTL _cRTL _beng |
||
| 041 |
_2eng _aeng |
||
| 082 | _aY15(X9(J):(Z), Q7 | ||
| 100 | _aCHOWDHRY Prem | ||
| 245 | 0 |
_aUnderstanding women's land rights _b Gender discrimination in ownership |
|
| 260 |
_a New Delhi _bSage Publications _c2017 |
||
| 300 |
_axxii,413p _ccm. |
||
| 500 | _aBibliography: p 321-329 | ||
| 650 | _aSociology | ||
| 942 |
_hY15(X9(J):(Z), Q7 _cGB _2CC |
||
| 999 |
_c613114 _d613114 |
||